Statistics for US States by Violent Crime Rate

Click here to take the quiz!

General Stats

  • This quiz has been taken 36 times
  • The average score is 30 of 51

Answer Stats

Rate | HintAnswer% Correct
838 | Last FrontierAlaska
83%
655 | Grand Canyon StateArizona
83%
442 | Golden StateCalifornia
79%
432 | First StateDelaware
79%
364 | Empire StateNew York
79%
447 | Lone Star StateTexas
79%
400 | Peach StateGeorgia
75%
478 | Great Lakes StateMichigan
75%
501 | Mount Rushmore StateSouth Dakota
75%
384 | Sunshine StateFlorida
71%
254 | Aloha StateHawaii
71%
334 | Cornhusker StateNebraska
71%
195 | Garden StateNew Jersey
71%
309 | Buckeye StateOhio
71%
673 | Volunteer StateTennessee
71%
454 | Heart of DixieAlabama
67%
358 | Hoosier StateIndiana
67%
639 | Pelican StateLouisiana
67%
419 | Tar Heel StateNorth Carolina
67%
459 | Sooner StateOklahoma
67%
292 | Beaver StateOregon
67%
323 | Badger StateWisconsin
67%
259 | Bluegrass StateKentucky
63%
460 | Silver StateNevada
63%
778 | Land of EnchantmentNew Mexico
63%
390 | Keystone StatePennsylvania
63%
531 | Palmetto StateSouth Carolina
63%
294 | Evergreen StateWashington
63%
304 | Hawkeye StateIowa
58%
278 | North Star StateMinnesota
58%
543 | Show Me StateMissouri
58%
425 | Sunflower StateKansas
54%
291 | Magnolia StateMississippi
54%
173 | Green Mountain StateVermont
54%
208 | Old DominionVirginia
54%
356 | Mountain StateWest Virginia
50%
243 | Gem StateIdaho
46%
426 | Prairie StateIllinois
42%
400 | Old Line StateMaryland
42%
309 | Bay StateMassachusetts
42%
146 | Granite StateNew Hampshire
42%
261 | Beehive StateUtah
42%
423 | Centennial StateColorado
38%
182 | Constitution StateConnecticut
38%
109 | Pine Tree StateMaine
38%
470 | Treasure StateMontana
38%
231 | Ocean StateRhode Island
38%
234 | Equality StateWyoming
38%
672 | Natural StateArkansas
25%
329 | Peace Garden StateNorth Dakota
25%
165 | Island of EnchantmentPuerto Rico
13%

Score Distribution

Percentile by Number Answered

Percent of People with Each Score

Your Score History

You have not taken this quiz